000 00548nam a2200181Ia 4500
008 090124s9999 xx 000 0 und d
082 _b13552
_a5656
100 _aकानिटकर माधव
245 _a रुप पाहता लोचनी
250 _a1
260 _c1963
300 _a138
600 _aकानिटकर माधव
630 _a रुप पाहता लोचनी
700 _aकानिटकर माधव
730 _a रुप पाहता लोचनी
942 _cBOOK
999 _c127491
_d127491